Detalles MARC
| 000 -LÍDER |
| Campo fijo de descripción fija |
01806nam a2200397 i 4500 |
| 001 - NÚMERO DE CONTROL |
| Campo de control |
768714001 |
| 003 - IDENTIFICADOR DEL NÚMERO DE CONTROL |
| Campo de control |
CO-MdFUSB |
| 005 - FECHA Y HORA DE LA ULTIMA TRANSACCIÓN |
| control field |
20260429150050.0 |
| 007 - CAMPO FIJO DE DESCRIPCIÓN FIJA--INFORMACIÓN GENERAL |
| Campo fijo de descripción fija |
ta |
| 008 - ELEMENTOS DE LONGITUD FIJA -- INFORMACIÓN GENERAL |
| Campo fijo de descripción fija -- Información general |
t2010 -us||||g |||| 00| 0 spa d |
| 020 ## - NÚMERO INTERNACIONAL NORMALIZADO PARA LIBROS |
| Número Internacional Normalizado del libro |
978-0-7899-1551-1 |
| 020 ## - NÚMERO INTERNACIONAL NORMALIZADO PARA LIBROS |
| Número Internacional Normalizado del libro |
0-7899-1551-0 |
| 040 ## - FUENTE DE CATALOGACIÓN |
| Agencia de catalogación original |
CO-MdFUSB |
| Idioma de catalogación |
spa |
| Agencia que realiza la transcripción |
CO-MdFUSB |
| Agencia que realiza la modificación |
CO-MdFUSBC |
| Convenciones de la descripción |
rda |
| 041 ## - CÓDIGO DE IDIOMA |
| Código de idioma para texto/pista de sonido o título separado |
spa |
| Código de idioma original |
eng |
| 082 ## - NÚMERO DE CLASIFICACIÓN DECIMAL DEWEY |
| Número de la edición del Dewey |
23 |
| Número de clasificación |
235.3 |
| Clave de autor-Numero de item |
J55 |
| 100 ## - ASIENTO PRINCIPAL--NOMBRE PERSONAL |
| Nombre personal |
Jeremiah, David P., |
| Término relacionador |
autor |
| 240 ## - TITULO UNIFORME |
| Título uniforme |
<a href="Angels: the strange and mysterious truth. ">Angels: the strange and mysterious truth. </a> |
| 245 1# - TÍTULO |
| Título del Material |
Ángeles : |
| Parte restante del título - Subtitulo |
la extraña y misteriosa verdad |
| Mención de responsabilidad, etc. |
/ David P. Jeremiah ; traducido por Rojas y Rojas Editores. |
| 250 ## - MENCIÓN DE EDICIÓN |
| Mención de edición |
Primera edición |
| 264 #1 - PRODUCCIÓN, PUBLICACIÓN, DISTRIBUCIÓN, MANUFACTURA, Y COPYRIGHT |
| Lugar de producción, publicación, distribución, manufactura |
Miami, Florida : |
| Nombre del productor, publicador, distribuidor |
Unilit, |
| Fecha de producción, publicación, distribución, manufactura, o copyright |
[2010] |
| 264 #4 - PRODUCCIÓN, PUBLICACIÓN, DISTRIBUCIÓN, MANUFACTURA, Y COPYRIGHT |
| Fecha de producción, publicación, distribución, manufactura, o copyright |
©2010 |
| 300 ## - DESCRIPCIÓN FÍSICA |
| Extensión |
237 páginas |
| Dimensiones |
; 20 cm |
| 336 ## - TIPO DE CONTENIDO |
| Fuente |
rdacontent |
| Término de tipo de contenido |
texto |
| Código de tipo de contenido |
txt |
| 337 ## - TIPO DE MEDIO |
| Fuente |
rdamedia |
| Nombre del tipo de medio |
sin mediación |
| Código del tipo de medio |
n |
| 338 ## - TIPO DE SOPORTE |
| Fuente |
rdacarrier |
| Nombre del tipo de soporte |
volumen |
| Código Tipo de soporte |
nc |
| 500 ## - NOTA GENERAL |
| Nota General |
Incluye índice general ; Fuentes de las notas ; Índice bíblico ; Índice temático. |
| 505 ## - NOTA DE CONTENIDO |
| Nota de contenido con formato preestablecido |
¿Qué estarán haciendo los ángeles? -- En presencia de los ángeles: primera parte -- En presencia de los ángeles: segunda parte -- Los ángeles y Dios -- Qué son los ángeles -- Cuándo aparecen los ángeles -- Los ángeles y nosotros: ¿en qué nos parecemos? -- Los ángeles de los que ha oído hablar (y más) -- El mayor de los ángeles -- Nos muestran cómo adorar -- Nos muestran cómo obrar -- Vienen a llevarme a mi hogar celestial -- Los ángeles del infierno -- Los ángeles y Jesús. |
| 563 ## - NOTA DE ENCUADERNACIÓN |
| Nota de encuadernación |
Rústico |
| 653 ## - TÉRMINO DE INDIZACIÓN - NO CONTROLADO |
| Término no controlado |
Ángeles – Doctrina cristiana |
| 653 ## - TÉRMINO DE INDIZACIÓN - NO CONTROLADO |
| Término no controlado |
Ángeles en la Biblia |
| 653 ## - TÉRMINO DE INDIZACIÓN - NO CONTROLADO |
| Término no controlado |
Demonios — Doctrina cristiana |
| 653 ## - TÉRMINO DE INDIZACIÓN - NO CONTROLADO |
| Término no controlado |
Vida espiritual |
| 710 ## - ASIENTO SECUNDARIO - NOMBRE CORPORATIVO |
| Nombre corporativo o de jurisdicción como elemento de entrada |
Rojas y Rojas Editores |
| 9 (RLIN) |
10889 |
| Término de relación |
traductor |
| 942 ## - TIPO DE MATERIAL (KOHA) |
| Tipo de Item KOHA |
Libros General |
| 945 ## - INFORMACIÓN LOCAL DEL REGISTRO |
| Catalogador |
Catherine Arias Alvarez |